000 00573nam a22002177a 4500
003 UA-OsUOA
001 64266
007 ta
008 20091103b un ||||| |||| 00| 0 ukr d
090 _a94(477)(031)
_bВ27
942 _cBK
040 _aUA-OsUOA
_bukr
_cUA-OsUOA
_dUA-OsUOA
245 _aВеликий жовтень і громадянська війна на Україні
300 _a630 с.
955 _a1
041 _aukr
080 _a94(477)(031)
260 _aК.
_bГоловна редакція УРЕ
_c1987
650 7 _2UDC
999 _c350380
_d350380